Statystyki dla Państwa, które pokonały Niemcy

Kliknij tutaj aby rozwiązać quiz!

Ogólne statystyki

  • Ten quiz został rozwiązany 153 razy
    (141 od ostatniego zresetowania)
  • Średni wynik to 10 z 19

Statystyki odpowiedzi

RangaKategoriaPaństwa% Poprawnych
6Największe państwo europejskie
według powierzchni
Rosja | Ukraina | Francja | Hiszpania | Szwecja
100%
5 (t)Większa ilość państw graniczącychChiny | Rosja | Francja | Brazylia
82%
5Największy procent obywateli, którzy zginęli podczas II wojny światowej WWII
* suwerenne kraje tylko w 1939 roku
Polska | Związek Radziecki | Litwa | Łotwa
73%
4Dłuższa granica z PolskąCzechy | Słowacja | Ukraina
72%
6Geograficznie bliżej Wielkiej BrytaniiIrlandia | Francja | Belgia | Holandia | Norwegia
72%
8Dalej wysunięte na północ w UEFinlandia | Szwecja | Estonia | Łotwa | Dania | Litwa | Irlandia
68%
7Częściej odwiedzane przez AmerykanówMeksyk | Kanada | Wielka Brytania | Dominikana | Francja | Włochy
68%
2 (t)Większa ilość tytułów mistrzostw świata w piłce nożnej mężczyznBrazylia
62%
10Większa produkcja piwa na mieszkańcaCzechy | Irlandia | Belgia | Holandia | Estonia | Namibia | Dania | Litwa | Austria
59%
2Większa ilość imigrantówStany Zjednoczone
58%
4Większa ilość uchodźców z SyriiTurcja | Liban | Jordania
50%
6Większa produkcja samochodów na mieszkańcaSłowacja | Czechy | Słowenia | Korea Południowa | Japonia
49%
5Państwo europejskie, którego stolica
znajduje się najbliżej początku alfabetu
Holandia | Andora | Grecja | Serbia
46%
3Najbardziej zaludniony kraj kończący się na YFilipiny | Chiny
45%
16Najniższy współczynnik dzietnościSingapur | Tajwan | Korea Południowa | Bośnia i Hercegowina | Polska | Rumunia | Słowenia |
Andora | Chorwacja | Słowacja | Japonia |
Grecja | Serbia | Włochy | Węgry
37%
3Najstarsza mediana wiekuMonako | Japonia
30%
7Większa produkcja sera na mieszkańcaNowa Zelandia | Dania | Czechy | Holandia | Irlandia | Islandia
29%
4 (t)Flaga z największą liczbą czarnych elementówLibia | Papua-Nowa Gwinea | Angola
20%
2Gospodarz największej liczby żołnierzy amerykańskich
* Poza USA
Japonia
12%

Rozkład punktacji

Percentyl według liczby udzielonych odpowiedzi

Procent ludzi z każdym wynikiem

Twoja historia wyników

Nie rozwiązałeś tego quizu od ostatniego zresetowania